| 000 | 00000nam##2200000za#4500 |
| 001 | 9.647856 |
| 003 | CaOODSP |
| 005 | 20240209132410 |
| 007 | ta |
| 008 | 150407|1998||||xxc||||| f|0| 0 eng|d |
| 020 | |a0-662-29291-X |
| 040 | |aCaOODSP|beng |
| 043 | |an-cn--- |
| 086 | 1 |aC89-4/75-1998E |
| 110 | 2 |aAtlantic Canada Opportunities Agency. |
| 245 | 10|aStudy of the financial intermediary market in Atlantic Canada : |bproject report / |cEdited by Eric Schibler and Robin McAdam. |
| 260 | |aHalifax - Nova Scotia : |bAtlantic Canada Opportunities Agency |c1998. |
| 300 | |aii, 71p. : |bgraphs, tables ; |c28 cm. |
| 500 | |aIncludes appendix. |
| 563 | |aProcessed |
| 590 | |a00-42|b2000-10-20 |
| 690 | 07|aSmall businesses|2gcpds |
| 690 | 07|aEntrepreneurship|2gcpds |
| 690 | 07|aInvestments|2gcpds |
| 690 | 07|aFinancing|2gcpds |
| 720 | 1 |aSchibler, Eric |
| 720 | 1 |aMcAdam, Robin |
| 775 | 08|tÉtude du marché des intermédiaires financiers au Canada atlantique : |w(CaOODSP)9.681235 |
| 776 | 0#|tStudy of the financial intermediary market in Atlantic Canada : |w(CaOODSP)9.695307 |